000 00304nam a22001337a 4500
020 _a818929731-7
082 _a920
_bBAL/J
100 _aBALASUBRAMANIAM,S
245 _aJAWAHARLAL NEHRU
260 _aINDIA
_bVIJAY GOEL
300 _a143
650 _aLIFE & WORKS OF JAWAHARLAL NEHRU
_zDELHI
942 _cBK
999 _c5588
_d5588